[Event "Montreal CC-ch"]
[Site "Montreal CAN"]
[Date "2025.06.14"]
[Round "3.2"]
[White "Ali, Nehad"]
[Black "Batorshyn, Ilia"]
[Result "1-0"]
[WhiteElo "1883"]
[BlackElo "2337"]
[WhiteFideId "-1"]
[WhiteFideId "-1"]
[PlyCount "193"]
[GameId "2190426689843278"]
[EventDate "2025.06.13"]
[EventType "swiss"]
[EventRounds "5"]
[EventCountry "CAN"]

1. c4 e6 2. d4 d5 3. cxd5 exd5 4. Nc3 c6 5. Nf3 Bd6 6. h3 h6 7. e3 Bf5 8. Bd3 Bxd3 9. Qxd3 Nf6 10. b3 O-O 11. O-O Qe7 12. Nd2 Na6 13. a3 Rad8 14. b4 Nc7 15. Bb2 a6 16. Rae1 Ne6 17. e4 dxe4 18. Ncxe4 Bb8 19. Nxf6+ Qxf6 20. Nf3 Nf4 21. Qe4 Qd6 22. Qc2 Qd5 23. Qe4 Qh5 24. Ne5 Qg5 25. Re3 f5 26. Qf3 Nd5 27. Re2 Nf6 28. Qb3+ Nd5 29. f4 Qf6 30. Kh2 Kh7 31. g3 Ba7 32. Nf3 Qg6 33. Rfe1 Qh5 34. Kg2 Bb8 35. Ne5 Bd6 36. Qf3 Qxf3+ 37. Kxf3 Bb8 38. Nd3 Ba7 39. Nc5 Bxc5 40. dxc5 Rd7 41. Re6 Nc7 42. Re7 Rf7 43. Rxf7 Rxf7 44. Re5 Nd5 45. Re8 Rd7 46. Re6 Nc7 47. Rd6 Re7 48. Rd8 Nb5 49. Kf2 Kg6 50. Rd3 Nc7 51. Rd6+ Kf7 52. Rd8 Nb5 53. Rb8 Rd7 54. Ke2 g5 55. Ke3 Nc7 56. Be5 Nd5+ 57. Kf3 Ne7 58. Bd6 Ng6 59. Ke3 Ke6 60. Rg8 Kf7 61. Rb8 Kf6 62. Re8 Kf7 63. Rb8 Kg7 64. Kf3 Kf6 65. Rc8 Rg7 66. Re8 gxf4 67. Bxf4 h5 68. h4 Nxf4 69. Kxf4 Rg4+ 70. Kf3 Rc4 71. Rb8 Rc3+ 72. Kf4 Rc4+ 73. Kf3 Ke5 74. Re8+ Kd4 75. Kf4 Kc3+ 76. Kxf5 Rg4 77. Re3+ Kb2 78. Ke6 Rg7 79. Kd6 Ka2 80. Rf3 Kb2 81. Ke5 Ka2 82. Rd3 Kb2 83. Kf4 Kc2 84. Re3 Kb2 85. Kf3 Rf7+ 86. Kg2 Ka2 87. a4 Rd7 88. Re4 Ka3 89. a5 Rf7 90. g4 hxg4 91. Rxg4 Rf5 92. Kg3 Rf1 93. Re4 Rg1+ 94. Kf4 Kb3 95. h5 Kc3 96. Kf5 Kd3 97. Rh4 1-0

[Event "Montreal CC-ch"]
[Site "Montreal CAN"]
[Date "2025.06.14"]
[Round "3.3"]
[White "Jacquet, Stephane"]
[Black "Porlier, Xavier"]
[Result "1-0"]
[WhiteElo "2065"]
[BlackElo "1875"]
[WhiteFideId "-1"]
[WhiteFideId "-1"]
[PlyCount "71"]
[GameId "2190426689847375"]
[EventDate "2025.06.13"]
[EventType "swiss"]
[EventRounds "5"]
[EventCountry "CAN"]

1. d4 d5 2. c4 e6 3. Nc3 Nf6 4. Nf3 Be7 5. cxd5 exd5 6. Bf4 O-O 7. e3 b6 8. Bd3 Bb7 9. Ne5 Nbd7 10. O-O c5 11. Rc1 a6 12. a4 Re8 13. Qe2 cxd4 14. exd4 Bd6 15. Rfe1 Nf8 16. Qf3 Ne6 17. Be3 Qb8 18. Qh3 Bxe5 19. dxe5 Qxe5 20. Bxb6 Qd6 21. a5 d4 22. Ne2 Qb4 23. Red1 Rac8 24. Rxc8 Bxc8 25. Qh4 Qxb2 26. Nxd4 Nxd4 27. Qxd4 Qb3 28. Bf1 h6 29. h3 Bb7 30. Bd8 Re4 31. Qd3 Qxd3 32. Bxd3 Rb4 33. Be7 Rb2 34. Ba3 Rb3 35. Bc2 Bd5 36. Rxd5 1-0

[Event "Montreal CC-ch"]
[Site "Montreal CAN"]
[Date "2025.06.14"]
[Round "3.4"]
[White "Barko, Maxim"]
[Black "Ramesan, Raunak"]
[Result "1/2-1/2"]
[WhiteElo "1871"]
[BlackElo "2022"]
[WhiteFideId "-1"]
[WhiteFideId "-1"]
[PlyCount "99"]
[GameId "2190426689847376"]
[EventDate "2025.06.13"]
[EventType "swiss"]
[EventRounds "5"]
[EventCountry "CAN"]

1. d4 Nf6 2. Bg5 d5 3. e3 c5 4. Nf3 Ne4 5. Bf4 Nc6 6. Bd3 cxd4 7. Bxe4 dxe4 8. Nxd4 e5 9. Nxc6 Qxd1+ 10. Kxd1 exf4 11. Nd4 fxe3 12. fxe3 Bg4+ 13. Ke1 Bd7 14. Nd2 f5 15. Nc4 g6 16. Ne5 Bg7 17. Nxd7 Kxd7 18. Rd1 Ke7 19. Ke2 Rac8 20. Rd2 Rhd8 21. Rhd1 a6 22. g3 h6 23. c3 Bf6 24. Kf2 a5 25. h4 Rd5 26. Ne2 Rxd2 27. Rxd2 Rd8 28. Rxd8 Kxd8 29. Nf4 g5 30. Nd5 Be5 31. h5 b5 32. b3 Kd7 33. c4 bxc4 34. Nb6+ Kc6 35. Nxc4 Bc7 36. Nd2 Kd5 37. a4 g4 38. Nb1 Be5 39. Na3 Kc5 40. Nc2 Bc3 41. Ke2 Kd5 42. Kf2 Ke5 43. Ke2 Kf6 44. Nd4 Ke5 45. Kf2 Kf6 46. Nc2 Ke6 47. Ke2 Ke5 48. Kf2 Kf6 49. Ke2 Ke5 50. Nd4 1/2-1/2

[Event "Montreal CC-ch"]
[Site "Montreal CAN"]
[Date "2025.06.14"]
[Round "3.5"]
[White "Cauchy-Vaillancourt, Marek"]
[Black "Chapdelaine, Gwyn"]
[Result "0-1"]
[WhiteElo "1544"]
[BlackElo "2116"]
[WhiteFideId "-1"]
[WhiteFideId "-1"]
[PlyCount "90"]
[GameId "2190426689847377"]
[EventDate "2025.06.13"]
[EventType "swiss"]
[EventRounds "5"]
[EventCountry "CAN"]

1. c4 Nf6 2. Nc3 d5 3. cxd5 Nxd5 4. g3 g6 5. Bg2 Nb6 6. h4 h6 7. Nf3 Bg7 8. O-O Nc6 9. d3 e5 10. Be3 O-O 11. a3 f5 12. Bc5 Rf7 13. Nd2 Be6 14. b4 e4 15. Qc2 Qf6 16. Rac1 exd3 17. exd3 Rd8 18. b5 Nd4 19. Bxd4 Qxd4 20. Bxb7 Qxd3 21. Rfd1 Qxc3 22. Qxc3 Bxc3 23. Rxc3 Nc4 24. Nxc4 Rxd1+ 25. Kh2 f4 26. Ne5 fxg3+ 27. Kxg3 Rg7 28. Nc6 Bd5 29. Bc8 Rf7 30. f3 Bxc6 31. Rxc6 Kg7 32. Ra6 Rd3 33. Bb7 Rd6 34. Rxa7 h5 35. Ra6 Rdf6 36. Rxf6 Kxf6 37. Bd5 Rd7 38. Bc4 Ke5 39. a4 Kd4 40. Be6 Rg7 41. Bb3 c5 42. Bc2 Kc3 43. b6 Rb7 44. Bxg6 Rxb6 45. Be8 Rb4 0-1

[Event "Montreal CC-ch"]
[Site "Montreal CAN"]
[Date "2025.06.14"]
[Round "3.6"]
[White "Lima-Barbosa, Raphael"]
[Black "Allaire, Denis"]
[Result "1/2-1/2"]
[WhiteElo "1999"]
[BlackElo "1667"]
[WhiteFideId "-1"]
[WhiteFideId "-1"]
[PlyCount "53"]
[GameId "2190426689851474"]
[EventDate "2025.06.13"]
[EventType "swiss"]
[EventRounds "5"]
[EventCountry "CAN"]

1. c4 c5 2. Nc3 Nf6 3. g3 e6 4. Nf3 d5 5. cxd5 exd5 6. d4 Nc6 7. Bg2 h6 8. O-O Be7 9. a3 O-O 10. dxc5 Bxc5 11. b4 Bb6 12. Bb2 Be6 13. Na4 Bc7 14. Rc1 Ne4 15. Nd4 Bd7 16. Bxe4 dxe4 17. Nc5 Ne5 18. Qc2 Bb6 19. Qxe4 Re8 20. Qd5 Bc6 21. Qxd8 Raxd8 22. Rfd1 Bd5 23. e4 Bxe4 24. Nxe4 Bxd4 25. Bxd4 Nf3+ 26. Kg2 Nxd4 27. Nc5 1/2-1/2

[Event "Montreal CC-ch"]
[Site "Montreal CAN"]
[Date "2025.06.14"]
[Round "3.7"]
[White "Rivas, Cedric"]
[Black "Navarro, Pavel"]
[Result "0-1"]
[WhiteElo "1174"]
[BlackElo "1991"]
[WhiteFideId "-1"]
[WhiteFideId "-1"]
[PlyCount "36"]
[GameId "2190426689855571"]
[EventDate "2025.06.13"]
[EventType "swiss"]
[EventRounds "5"]
[EventCountry "CAN"]

1. e4 c5 2. Nf3 d6 3. d4 cxd4 4. Nxd4 Nf6 5. Nc3 Nc6 6. Bc4 e6 7. Bb3 Be7 8. Be3 a6 9. Qd2 Ng4 10. Nf3 Nxe3 11. Qxe3 b5 12. O-O O-O 13. a3 Qc7 14. Rfe1 Rb8 15. Nd5 exd5 16. exd5 Ne5 17. Nxe5 dxe5 18. Qg3 Bf6 0-1

[Event "Montreal CC-ch"]
[Site "Montreal CAN"]
[Date "2025.06.14"]
[Round "3.8"]
[White "Genzling, Jerome"]
[Black "Nica, Ion"]
[Result "1-0"]
[WhiteElo "2145"]
[BlackElo "1687"]
[WhiteFideId "-1"]
[WhiteFideId "-1"]
[PlyCount "113"]
[GameId "2190426689859668"]
[EventDate "2025.06.13"]
[EventType "swiss"]
[EventRounds "5"]
[EventCountry "CAN"]

1. e4 d5 2. exd5 Qxd5 3. Nc3 Qa5 4. Bc4 Nf6 5. d3 Bg4 6. Nge2 e6 7. Bd2 Bb4 8. a3 Bxc3 9. Bxc3 Qb6 10. f3 Bh5 11. Qd2 Nc6 12. g4 Bg6 13. g5 Nh5 14. O-O-O O-O-O 15. h4 e5 16. Rhf1 f5 17. gxf6 Nxf6 18. Qg5 Nd5 19. Bd2 Rhf8 20. Bxd5 Rxd5 21. Be3 Qa5 22. h5 Bf5 23. Qxg7 Rdd8 24. Qg5 b5 25. Bc5 Rf7 26. Qd2 Qa6 27. Ng3 Bh3 28. Rf2 Rd5 29. Ne4 Bf5 30. Qc3 Nd4 31. Bxd4 exd4 32. Qb4 Bxe4 33. dxe4 c5 34. Qb3 c4 35. Qb4 Rxh5 36. Rxd4 Rh1+ 37. Kd2 Qh6+ 38. Ke2 Rc7 39. Qxb5 a6 40. Qd5 Kb8 41. Rg2 Rh2 42. Qg8+ Kb7 43. Rd2 Rxg2+ 44. Qxg2 Rg7 45. Qf2 Qh3 46. Ke3 Qh6+ 47. Kd4 Rd7+ 48. Kc3 Qg7+ 49. Rd4 Qe5 50. Kxc4 Qb5+ 51. Kc3 Rc7+ 52. Kd2 Qg5+ 53. f4 Qa5+ 54. c3 Kc8 55. Qg1 Qb5 56. Qg8+ Kb7 57. Rb4 1-0

[Event "Montreal CC-ch"]
[Site "Montreal CAN"]
[Date "2025.06.14"]
[Round "3.9"]
[White "Jenzen, David"]
[Black "Cote, Philippe"]
[Result "1-0"]
[WhiteElo "1709"]
[BlackElo "1590"]
[WhiteFideId "-1"]
[WhiteFideId "-1"]
[PlyCount "91"]
[GameId "2190426689859669"]
[EventDate "2025.06.13"]
[EventType "swiss"]
[EventRounds "5"]
[EventCountry "CAN"]

1. d4 d6 2. e4 Nf6 3. Nc3 g6 4. Be3 c6 5. Qd2 b5 6. Bd3 Nbd7 7. Nf3 Bb7 8. O-O Bg7 9. h3 e5 10. d5 a6 11. dxc6 Bxc6 12. a3 Qc7 13. Bh6 O-O 14. Rfe1 Nc5 15. Bxg7 Kxg7 16. Rad1 Rad8 17. Qe3 Qb7 18. Nh2 Ne6 19. Ng4 Nxg4 20. hxg4 f6 21. Rd2 Nc5 22. Red1 Rd7 23. b4 Ne6 24. Be2 Rfd8 25. Bf3 Nd4 26. Ne2 Nxf3+ 27. gxf3 d5 28. Ng3 d4 29. Qb3 Rd6 30. c3 Be8 31. cxd4 Rxd4 32. Rxd4 exd4 33. Ne2 Bf7 34. Qc2 Qb6 35. Qd2 d3 36. Nf4 Bc4 37. Kg2 g5 38. Nh5+ Kf7 39. Ng3 Be6 40. Rc1 Qd4 41. Rc3 Qxc3 42. Qxc3 d2 43. Nh5 d1=Q 44. Qxf6+ Ke8 45. Qxe6+ Kf8 46. Qh6+ 1-0

[Event "Montreal CC-ch"]
[Site "Montreal CAN"]
[Date "2025.06.14"]
[Round "3.10"]
[White "Atmani, Amine"]
[Black "Kolodner, Garry"]
[Result "1-0"]
[WhiteElo "1842"]
[BlackElo "1613"]
[WhiteFideId "-1"]
[WhiteFideId "-1"]
[PlyCount "81"]
[GameId "2190426689835082"]
[EventDate "2025.06.13"]
[EventType "swiss"]
[EventRounds "5"]
[EventCountry "CAN"]

1. d4 Nf6 2. c4 g6 3. Nc3 Bg7 4. e4 d6 5. h3 Nbd7 6. Bg5 c5 7. Nf3 Qb6 8. e5 dxe5 9. dxe5 Ng8 10. Nd5 Qa5+ 11. Bd2 Qd8 12. Qa4 Nh6 13. Ba5 b6 14. Bxb6 axb6 15. Qxa8 e6 16. Nf6+ Nxf6 17. exf6 Bxf6 18. Qc6+ Bd7 19. Qd6 Bxb2 20. Rb1 Nf5 21. Qd2 Ba3 22. Be2 Bb4 23. Rxb4 cxb4 24. Qxb4 Qc7 25. O-O Qc5 26. Rb1 Qxb4 27. Rxb4 Ke7 28. Rxb6 Ra8 29. Rb2 f6 30. Bd1 Nd6 31. Bb3 Nb7 32. Re2 Nc5 33. Nd4 Rd8 34. Bc2 Be8 35. Nb3 Na4 36. f4 Bf7 37. Na5 Nc3 38. Nc6+ Ke8 39. Re3 Rc8 40. Rxc3 Rxc6 41. Ba4 1-0

[Event "Montreal CC-ch"]
[Site "Montreal CAN"]
[Date "2025.06.14"]
[Round "3.11"]
[White "Hartner, Rian"]
[Black "Dubois, Mathieu"]
[Result "1-0"]
[WhiteElo "1826"]
[BlackElo "1333"]
[WhiteFideId "-1"]
[WhiteFideId "-1"]
[PlyCount "85"]
[GameId "2190426689839179"]
[EventDate "2025.06.13"]
[EventType "swiss"]
[EventRounds "5"]
[EventCountry "CAN"]

1. e4 c6 2. d4 d5 3. e5 c5 4. dxc5 e6 5. a3 Qc7 6. Nf3 Nc6 7. Bb5 Bxc5 8. O-O Nge7 9. b4 Bb6 10. Bb2 O-O 11. Bd3 Ng6 12. Re1 a5 13. b5 Nce7 14. a4 Bc5 15. Nbd2 Qb6 16. Rf1 Rd8 17. Nb3 Bd7 18. Nxc5 Qxc5 19. Ba3 Qb6 20. Bxe7 Nxe7 21. Bxh7+ Kf8 22. Bd3 Nf5 23. Ng5 Ke7 24. Qh5 Nh6 25. Qh4 Rh8 26. Ne4+ Kf8 27. Nd6 Kg8 28. Qe7 Qd8 29. Qxd8+ Rxd8 30. Nxb7 Ra8 31. h3 Kf8 32. c4 dxc4 33. Bxc4 Ke7 34. Nd6 Rh7 35. Rfd1 Rah8 36. f3 Nf5 37. Nxf5+ exf5 38. Bxf7 Rh6 39. Bb3 f4 40. Rac1 Bxh3 41. Rc7+ Ke8 42. Bf7+ Kf8 43. Rd8# 1-0

[Event "Montreal CC-ch"]
[Site "Montreal CAN"]
[Date "2025.06.14"]
[Round "3.13"]
[White "Qi, Jason"]
[Black "Berthiaume, Yves"]
[Result "1/2-1/2"]
[WhiteElo "1695"]
[BlackElo "1316"]
[WhiteFideId "-1"]
[WhiteFideId "-1"]
[PlyCount "112"]
[GameId "2190426689839180"]
[EventDate "2025.06.13"]
[EventType "swiss"]
[EventRounds "5"]
[EventCountry "CAN"]

1. e4 e6 2. d4 d5 3. e5 c5 4. c3 Nc6 5. Nf3 Qb6 6. a3 cxd4 7. cxd4 Bd7 8. b4 Nge7 9. Bb2 Nf5 10. g4 Nfe7 11. Nc3 Ng6 12. Rc1 Be7 13. Na4 Qd8 14. Nc5 Bxc5 15. Rxc5 O-O 16. h4 f6 17. g5 fxe5 18. dxe5 Qe8 19. h5 Nge7 20. Bd3 Nf5 21. Bb1 Qd8 22. Qd3 a6 23. Rg1 Qe8 24. Rh1 Qd8 25. Ba2 Nce7 26. h6 g6 27. Kd1 Ba4+ 28. Bb3 Bxb3+ 29. Qxb3 Rc8 30. Qc3 Qd7 31. Kc2 Rxc5 32. bxc5 Rc8 33. Kb1 Qb5 34. Rc1 b6 35. Ka1 Rxc5 36. Qd2 Rxc1+ 37. Qxc1 Nc6 38. Kb1 Nce7 39. Kc2 Qa4+ 40. Kb1 Qe4+ 41. Qc2 Qxc2+ 42. Kxc2 Kf7 43. Kd3 Nc6 44. Nh2 Kf8 45. Ng4 Kg8 46. Nf6+ Kh8 47. Nd7 b5 48. Nc5 a5 49. Nxe6 b4 50. a4 Kg8 51. Nf4 Nfe7 52. e6 Kf8 53. f3 Ke8 54. Bf6 Kf8 55. Bg7+ Ke8 56. Bf6 Kf8 1/2-1/2

[Event "Montreal CC-ch"]
[Site "Montreal CAN"]
[Date "2025.06.14"]
[Round "3.14"]
[White "Chanot, Frederic"]
[Black "Graichi, Younes"]
[Result "0-1"]
[WhiteElo "1306"]
[BlackElo "1644"]
[WhiteFideId "-1"]
[WhiteFideId "-1"]
[PlyCount "59"]
[GameId "2190426689843277"]
[EventDate "2025.06.13"]
[EventType "swiss"]
[EventRounds "5"]
[EventCountry "CAN"]

1. e4 c6 2. Nf3 d5 3. Nc3 dxe4 4. Nxe4 Nf6 5. Nxf6+ exf6 6. d4 Bd6 7. Be2 O-O 8. O-O Nd7 9. a3 Re8 10. Bc4 Nf8 11. Be3 Bg4 12. h3 Bh5 13. c3 Qc7 14. Be2 f5 15. c4 f4 16. Bd2 c5 17. d5 Re7 18. Re1 Ng6 19. Ng5 Bxe2 20. Rxe2 Rae8 21. Rxe7 Qxe7 22. Qg4 h6 23. Re1 Qxe1+ 24. Bxe1 Rxe1+ 25. Kh2 hxg5 26. Qxg5 Re7 27. h4 Ne5 28. b3 b6 29. h5 g6 30. Qf6 0-1

[Event "Montreal CC-ch"]
[Site "Montreal CAN"]
[Date "2025.06.15"]
[Round "4.1"]
[White "Jacquet, Stephane"]
[Black "Zheng, Richard"]
[Result "1/2-1/2"]
[WhiteElo "2065"]
[BlackElo "2370"]
[WhiteFideId "-1"]
[WhiteFideId "-1"]
[PlyCount "91"]
[GameId "2190426689863766"]
[EventDate "2025.06.13"]
[EventType "swiss"]
[EventRounds "5"]
[EventCountry "CAN"]

1. Nf3 d5 2. e3 Nf6 3. c4 e6 4. Nc3 b6 5. cxd5 exd5 6. d4 Bb7 7. Bd3 Be7 8. O-O O-O 9. Bd2 c5 10. Rc1 Nc6 11. Ne2 c4 12. Bb1 Bd6 13. Ng3 Re8 14. Re1 b5 15. Nh4 Bxg3 16. hxg3 Ne4 17. b3 Qf6 18. Nf3 Bc8 19. Bxe4 Rxe4 20. Ne5 Qe6 21. f3 Nxe5 22. dxe5 Rxe5 23. Bc3 Rg5 24. bxc4 bxc4 25. e4 Bb7 26. Rb1 Bc6 27. exd5 Qxd5 28. Qxd5 Bxd5 29. Rb5 h6 30. Bd2 Bc6 31. Rxg5 hxg5 32. Bxg5 Rb8 33. Rc1 Bd5 34. Rc2 Rb5 35. Be3 Ra5 36. Bd4 c3 37. Bxc3 Rxa2 38. Rxa2 Bxa2 39. Kf2 Bc4 40. g4 f6 41. f4 Kf7 42. Ke3 Ke6 43. g5 fxg5 44. fxg5 g6 45. Bf6 Bf1 46. Kd4 1/2-1/2

[Event "Montreal CC-ch"]
[Site "Montreal CAN"]
[Date "2025.06.15"]
[Round "4.2"]
[White "Ramesan, Raunak"]
[Black "Ali, Nehad"]
[Result "1/2-1/2"]
[WhiteElo "2022"]
[BlackElo "1883"]
[WhiteFideId "-1"]
[WhiteFideId "-1"]
[PlyCount "200"]
[GameId "2190426689871964"]
[EventDate "2025.06.13"]
[EventType "swiss"]
[EventRounds "5"]
[EventCountry "CAN"]

1. e4 e6 2. d4 d5 3. Nc3 Bb4 4. e5 c5 5. a3 cxd4 6. axb4 dxc3 7. Qg4 Kf8 8. Nf3 Qc7 9. Qd4 cxb2 10. Bxb2 Ne7 11. Bd3 Nd7 12. h4 a5 13. Qf4 h6 14. Nd4 Qxe5+ 15. Qxe5 Nxe5 16. Nxe6+ fxe6 17. Bxe5 Nc6 18. Bd6+ Kf7 19. b5 Ne7 20. Ra4 h5 21. Kd2 Bd7 22. Bc7 Rhc8 23. Rxa5 Rxa5 24. Bxa5 Nf5 25. Bc3 Nd6 26. Rb1 Nc4+ 27. Ke2 g6 28. Ba1 Na3 29. Rb3 Nc4 30. f4 Rc5 31. b6 Ra5 32. Bd4 Nd6 33. Rc3 Nb5 34. Bxb5 Bxb5+ 35. Ke3 Bc4 36. Kd2 Ra4 37. g3 Ke7 38. Re3 Ba6 39. Be5 Kd7 40. Rc3 Bc4 41. Bd4 Kd6 42. Rf3 Ba6 43. Be5+ Kc6 44. Bc7 Ra1 45. Be5 Rg1 46. Rc3+ Bc4 47. Bc7 Kc5 48. Re3 d4 49. Ra3 Rg2+ 50. Kc1 Kb4 51. Bd6+ Kb5 52. Bc7 Kc6 53. Ra4 Kd5 54. Ra3 Kc5 55. Rf3 Bd5 56. Ra3 Be4 57. Ra5+ Kb4 58. Re5 Bd5 59. Re1 Kc3 60. Be5 Rxc2+ 61. Kb1 Rb2+ 62. Ka1 Rxb6 63. Rc1+ Kd2 64. Bxd4 Rb4 65. Bc3+ Kxc1 66. Bxb4 b5 67. Bc3 Kc2 68. Bf6 b4 69. Be5 b3 70. Bf6 Be4 71. Be5 Kd2 72. Kb2 Bc2 73. Bc3+ Ke2 74. Bf6 Kf2 75. Be7 Kxg3 76. Bg5 Kg4 77. Kc1 Kf5 78. Kb2 Ke4 79. Kc1 Kd4 80. Bf6+ Kc4 81. Kb2 Bf5 82. Be5 g5 83. fxg5 Bc2 84. Bf6 Bg6 85. Bg7 Bf7 86. Bf6 Bg6 87. Bg7 Kd5 88. Kxb3 Ke4 89. Bc3 Kf4 90. Kc4 e5 91. Kd5 Bf7+ 92. Kd6 Bg6 93. Bxe5+ Kg4 94. Ke7 Kxh4 95. Kf6 Bb1 96. g6 Kg4 97. g7 Ba2 98. Ke7 Kf5 99. Bb8 Kg6 100. Kf8 Kh7 1/2-1/2

[Event "Montreal CC-ch"]
[Site "Montreal CAN"]
[Date "2025.06.15"]
[Round "4.3"]
[White "Navarro, Pavel"]
[Black "Genzling, Jerome"]
[Result "1/2-1/2"]
[WhiteElo "1991"]
[BlackElo "2145"]
[WhiteFideId "-1"]
[WhiteFideId "-1"]
[PlyCount "117"]
[GameId "2190426689876061"]
[EventDate "2025.06.13"]
[EventType "swiss"]
[EventRounds "5"]
[EventCountry "CAN"]

1. e4 c5 2. Nf3 Nc6 3. d4 cxd4 4. Nxd4 g6 5. c4 Bg7 6. Be3 Nf6 7. Nc3 O-O 8. f3 d6 9. Qd2 Nxd4 10. Bxd4 Qa5 11. O-O-O Be6 12. Kb1 Rfc8 13. b3 a6 14. h4 Rab8 15. Nd5 Qxd2 16. Rxd2 Bxd5 17. cxd5 Nd7 18. Bxg7 Kxg7 19. h5 g5 20. h6+ Kg6 21. g3 Rc3 22. Bh3 Ne5 23. Bf5+ Kf6 24. f4 Ng6 25. fxg5+ Kxg5 26. g4 Nf4 27. Rf2 e6 28. Bxh7 Rh8 29. dxe6 fxe6 30. Rhf1 e5 31. Bf5 Rxh6 32. Rd2 Rd3 33. Rxd3 Nxd3 34. Rd1 Nf2 35. Rd2 Nxg4 36. Bc8 b6 37. Rg2 Rh4 38. Rd2 Rh6 39. Rg2 Rh1+ 40. Kb2 Rh2 41. Rxh2 Nxh2 42. Bxa6 Kf4 43. Bb7 Ng4 44. a4 Nf2 45. b4 Nxe4 46. a5 bxa5 47. bxa5 Nc5 48. a6 Nxa6 49. Bxa6 d5 50. Kc2 Ke3 51. Kd1 e4 52. Bb7 d4 53. Bxe4 Kxe4 54. Ke2 Kd5 55. Kd3 Kc5 56. Kd2 Kc4 57. Kc2 d3+ 58. Kd2 Kd4 59. Kd1 1/2-1/2

[Event "Montreal CC-ch"]
[Site "Montreal CAN"]
[Date "2025.06.15"]
[Round "4.4"]
[White "Chapdelaine, Gwyn"]
[Black "Barko, Maxim"]
[Result "1/2-1/2"]
[WhiteElo "2116"]
[BlackElo "1871"]
[WhiteFideId "-1"]
[WhiteFideId "-1"]
[PlyCount "126"]
[GameId "2190426689876062"]
[EventDate "2025.06.13"]
[EventType "swiss"]
[EventRounds "5"]
[EventCountry "CAN"]

1. e4 e6 2. d4 d5 3. e5 c5 4. c3 Nc6 5. Nf3 Nge7 6. Nbd2 cxd4 7. cxd4 Qa5 8. Bd3 Nb4 9. Bb1 Qa6 10. Nb3 b6 11. a3 Nbc6 12. Bd3 Qa4 13. O-O Ba6 14. Re1 Bxd3 15. Qxd3 Qc4 16. Qd1 a5 17. Be3 a4 18. Nbd2 Qb5 19. Rb1 Nc8 20. Qc2 h6 21. Rec1 Kd7 22. Ne1 Be7 23. f4 f5 24. exf6 Bxf6 25. Nef3 N8e7 26. Nf1 Rac8 27. Qf2 Nf5 28. g4 Nd6 29. Ng3 Nc4 30. Re1 Rce8 31. g5 hxg5 32. fxg5 Bd8 33. Nd2 Rhf8 34. Qe2 Na7 35. Nxc4 Qxc4 36. Qxc4 dxc4 37. Rbc1 b5 38. d5 Nc8 39. Rcd1 e5 40. Ne4 Bb6 41. d6 Rf3 42. Bxb6 Nxb6 43. Nc5+ Kc6 44. d7 Rd8 45. Rxe5 Nxd7 46. Nxd7 Rxd7 47. Rxd7 Kxd7 48. Rxb5 Rb3 49. Rc5 c3 50. Rxc3 Rxb2 51. Rc4 Rb5 52. h4 Ra5 53. Kg2 Ra6 54. Kg3 Ke6 55. Kg4 Kf7 56. h5 Ke6 57. Re4+ Kf7 58. Rf4+ Kg8 59. g6 Ra5 60. Rf5 Ra8 61. Kg5 Ra6 62. h6 gxh6+ 63. Kxh6 Ra7 {illisible} 1/2-1/2

[Event "Montreal CC-ch"]
[Site "Montreal CAN"]
[Date "2025.06.15"]
[Round "4.5"]
[White "Di Matteo, Alessio"]
[Black "Jenzen, David"]
[Result "1/2-1/2"]
[WhiteElo "1958"]
[BlackElo "1709"]
[WhiteFideId "-1"]
[WhiteFideId "-1"]
[PlyCount "128"]
[GameId "2190426689884255"]
[EventDate "2025.06.13"]
[EventType "swiss"]
[EventRounds "5"]
[EventCountry "CAN"]

1. d4 d5 2. c4 dxc4 3. e4 e5 4. Nf3 exd4 5. Bxc4 Nc6 6. O-O Be6 7. Bb5 Bd7 8. Qb3 Qf6 9. e5 Qg6 10. Bd3 Na5 11. Bxg6 Nxb3 12. Bxf7+ Kxf7 13. axb3 c5 14. Ng5+ Ke7 15. e6 Be8 16. Re1 Nf6 17. Na3 h6 18. Nf3 g5 19. Nc4 a6 20. Bd2 Rc8 21. Nfe5 Nd5 22. Nf3 Rc6 23. Re5 Nc7 24. Na5 Rxe6 25. Nxb7 Rxe5 26. Nxe5 Kf6 27. Nd3 Bb5 28. Nbxc5 Be7 29. Re1 Bxc5 30. Nxc5 Re8 31. Ne4+ Kg6 32. f3 Nd5 33. Rc1 Nf6 34. Nd6 Re2 35. Nxb5 Rxd2 36. Nc7 Rxb2 37. Rd1 Rxb3 38. Rxd4 a5 39. Rd6 Kg7 40. Ra6 Ra3 41. Ra7 Kg6 42. Ra6 Kg7 43. Ne6+ Kf7 44. Nd4 Kg6 45. Kf2 Ra2+ 46. Kf1 Ra1+ 47. Kf2 Ra2+ 48. Ne2 Kf5 49. g4+ Kg6 50. Ke3 Ra3+ 51. Kf2 Ra2 52. Kf1 Ra1+ 53. Kf2 Ra2 54. h3 Kg7 55. Ke1 Ra1+ 56. Kd2 Ra2+ 57. Kd3 Ra3+ 58. Kc4 Rxf3 59. Nd4 Rxh3 60. Nf5+ Kf7 61. Ra7+ Kf8 62. Ra8+ Kf7 63. Ra7+ Kf8 64. Ra8+ Kf7 1/2-1/2

[Event "Montreal CC-ch"]
[Site "Montreal CAN"]
[Date "2025.06.15"]
[Round "4.6"]
[White "Blouin, Frederic"]
[Black "Tremblay, Alain"]
[Result "1/2-1/2"]
[WhiteElo "1651"]
[BlackElo "2082"]
[WhiteFideId "-1"]
[WhiteFideId "-1"]
[PlyCount "63"]
[GameId "2190426689888352"]
[EventDate "2025.06.13"]
[EventType "swiss"]
[EventRounds "5"]
[EventCountry "CAN"]

1. c4 b6 2. d4 Bb7 3. Nf3 e6 4. Nc3 Bb4 5. a3 Bxc3+ 6. bxc3 Nf6 7. Bg5 d6 8. e3 O-O 9. Be2 Nc6 10. O-O h6 11. Bh4 g5 12. Bg3 Ne4 13. Qc2 Ne7 14. Nd2 f5 15. f3 Nxg3 16. hxg3 Qe8 17. Kf2 Qg6 18. Rh1 Rf6 19. Bd3 Qg7 20. Rh5 Bc6 21. Re1 Raf8 22. e4 fxe4 23. Nxe4 Bxe4 24. Rxe4 Qf7 25. Rh1 d5 26. Re2 Rxf3+ 27. gxf3 Qxf3+ 28. Kg1 Qxg3+ 29. Rg2 Qe3+ 30. Rf2 Qg3+ 31. Rg2 Qe3+ 32. Rf2 1/2-1/2

[Event "Montreal CC-ch"]
[Site "Montreal CAN"]
[Date "2025.06.15"]
[Round "4.7"]
[White "Graichi, Younes"]
[Black "Lima-Barbosa, Raphael"]
[Result "0-1"]
[WhiteElo "1644"]
[BlackElo "1999"]
[WhiteFideId "-1"]
[WhiteFideId "-1"]
[PlyCount "58"]
[GameId "2190426689888353"]
[EventDate "2025.06.13"]
[EventType "swiss"]
[EventRounds "5"]
[EventCountry "CAN"]

1. d4 Nf6 2. c4 g6 3. Nc3 Bg7 4. e4 O-O 5. Be3 d6 6. Be2 e5 7. d5 Na6 8. g4 Nc5 9. f3 h5 10. g5 Nh7 11. h4 f6 12. gxf6 Bxf6 13. Bf2 a5 14. Qd2 Bg7 15. O-O-O Rf4 16. Kb1 Qf6 17. Nh3 Bxh3 18. Rxh3 a4 19. Bg3 Nf8 20. Nb5 Rxf3 21. Bxe5 Qxe5 22. Bxf3 a3 23. Nd4 axb2 24. Qg5 Qe8 25. Nb5 Ra4 26. e5 Rxc4 27. Nxc7 Qa4 28. Qd2 Bh6 29. Qe2 Rc1+ 0-1

[Event "Montreal CC-ch"]
[Site "Montreal CAN"]
[Date "2025.06.15"]
[Round "4.8"]
[White "Porlier, Xavier"]
[Black "Kozlov, Guennadi"]
[Result "1/2-1/2"]
[WhiteElo "1875"]
[BlackElo "1638"]
[WhiteFideId "-1"]
[WhiteFideId "-1"]
[PlyCount "89"]
[GameId "2190426689892450"]
[EventDate "2025.06.13"]
[EventType "swiss"]
[EventRounds "5"]
[EventCountry "CAN"]

1. e4 e6 2. Nc3 d5 3. d4 Bb4 4. e5 c5 5. a3 Bxc3+ 6. bxc3 Qc7 7. h4 Ne7 8. h5 h6 9. Nf3 cxd4 10. cxd4 Nbc6 11. Bb2 Na5 12. Nd2 Bd7 13. a4 Rc8 14. c3 Nc4 15. Bxc4 dxc4 16. Ba3 Qc6 17. O-O f5 18. exf6 gxf6 19. Bxe7 Kxe7 20. Qe2 Qd5 21. Rfe1 Rhg8 22. f3 Rg5 23. Nf1 Rcg8 24. Ne3 Qc6 25. f4 Ra5 26. d5 Qc5 27. Kf1 e5 28. Nxc4 Rxa4 29. Rxa4 Bxa4 30. Nxe5 fxe5 31. Qxe5+ Kd8 32. Qf6+ Kc7 33. Qf7+ Kb6 34. Qxg8 Bb5+ 35. Re2 Bxe2+ 36. Kxe2 Qxc3 37. Qe6+ Kb5 38. Qe3 Qc2+ 39. Kf3 Qd1+ 40. Qe2+ Qxe2+ 41. Kxe2 Kc5 42. g4 Kxd5 43. g5 Ke6 44. f5+ Kxf5 45. g6 1/2-1/2

[Event "Montreal CC-ch"]
[Site "Montreal CAN"]
[Date "2025.06.15"]
[Round "4.9"]
[White "Rodrigue, Vincent"]
[Black "Atmani, Amine"]
[Result "0-1"]
[WhiteElo "1574"]
[BlackElo "1842"]
[WhiteFideId "-1"]
[WhiteFideId "-1"]
[PlyCount "60"]
[GameId "2190426689892451"]
[EventDate "2025.06.13"]
[EventType "swiss"]
[EventRounds "5"]
[EventCountry "CAN"]

1. e4 e6 2. d4 d5 3. Nc3 Nf6 4. Bg5 Bb4 5. e5 h6 6. exf6 hxg5 7. fxg7 Rg8 8. h4 gxh4 9. Qg4 Be7 10. Nf3 Bf6 11. Nxh4 Rxg7 12. Qf4 Bg5 13. Qe5 Rh7 14. Nb5 Bxh4 15. Nxc7+ Kf8 16. Rh3 Nc6 17. Qh2 e5 18. Rxh4 Rxh4 19. Qg3 Re4+ 20. Kd2 Rxd4+ 21. Bd3 Qxc7 22. Rh1 Rg4 23. Rh8+ Ke7 24. Qh2 Qa5+ 25. Kd1 Qb4 26. Qh6 Rg8 27. f3 Be6 28. Rh7 Rxg2 29. c3 Rg1+ 30. Kc2 Nd4+ 0-1